Town and country planning (Record no. 65069)

MARC details
000 -LEADER
fixed length control field 01387cam a2200241 4500
001 - CONTROL NUMBER
control field WB3642-26
008 - FIXED-LENGTH DATA ELEMENTS--GENERAL INFORMATION
fixed length control field 000000n2000 000 0 eng u
035 ## - SYSTEM CONTROL NUMBER
System control number (Sirsi) u108962
245 ## - TITLE STATEMENT
Title Town and country planning
260 ## - PUBLICATION, DISTRIBUTION, ETC.
Date of publication, distribution, etc. 2000
490 ## - SERIES STATEMENT
Series statement Estates Gazette Case Summaries
Volume/sequential designation [2000] EGCS 111 (21/10/00)
520 ## - SUMMARY, ETC.
Summary, etc. "Retail Media Ltd v SOS Environment" QBD 11 October 2000. The claimant was refused advertising consent for a poster panel near similar advertisements on a bus shelter. The claimant appealed using Town and Country Planning (Control of Advertisements) Regulations 1992 regulation 4(1). The advertisement control officer concluded that 'displays on bus shelters are not directly comparable in amenity terms' and dismissed the appeal because of the adverse affect of the proposed advertisment. The claimant challenged the inspector on the grounds that he failed to give adequate reasons for his conclusion on the point of consistency. "Held", claim allowed.
590 ## - LOCAL NOTE (RLIN)
Local note WB
650 ## - SUBJECT ADDED ENTRY--TOPICAL TERM
Topical term or geographic name entry element RETAIL MEDIA LTD V SOS ENVIRONMENT
650 ## - SUBJECT ADDED ENTRY--TOPICAL TERM
Topical term or geographic name entry element MACCLESFIELD
650 ## - SUBJECT ADDED ENTRY--TOPICAL TERM
Topical term or geographic name entry element TOWN AND COUNTRY PLANNING (CONTROL OF ADVERTISEMENTS) REGULATIONS 1992
650 ## - SUBJECT ADDED ENTRY--TOPICAL TERM
Topical term or geographic name entry element TOWN AND COUNTRY PLANNING ACT 1990 S288
650 ## - SUBJECT ADDED ENTRY--TOPICAL TERM
Topical term or geographic name entry element ADVERTISEMENT CONTROL
650 ## - SUBJECT ADDED ENTRY--TOPICAL TERM
Topical term or geographic name entry element PLANNING PERMISSION
650 ## - SUBJECT ADDED ENTRY--TOPICAL TERM
Topical term or geographic name entry element POSTER PANELS
690 ## - LOCAL SUBJECT ADDED ENTRY--TOPICAL TERM (OCLC, RLIN)
Topical term or geographic name as entry element Planning and development
9 (RLIN) 6259
942 ## - ADDED ENTRY ELEMENTS (KOHA)
Suppress in OPAC 0
Holdings
Withdrawn status Lost status Source of classification or shelving scheme Damaged status Not for loan Home library Current library Shelving location Date acquired Total Checkouts Full call number Barcode Date last seen Copy number Price effective from Koha item type
    Dewey Decimal Classification     London London News article 25/10/2000   WB3642-26 108962-1001 06/08/2019 1 06/08/2019 Law report